02124nam a2200385Ia 450000500170000000800410001702000150005808200180007310000340009124501330012525000190025830000420027749000270031950000350034650400380038165000390041965000410045865000320049965000440053165000540057594200120062926400450064133600270068633700330071333800280074604000350077499900150080995201300082495201330095495201280108795201300121595201290134595201310147495201330160520220317000634.0160601s2003 ck a g 000 0 spa  a958698102904a641.44 bS81g1 aSuárez Moreno, Diana Ximena10aGuía de procesos para la elaboración de harinas, almidones, hojuelas deshidratadas y compotas cDiana Ximena Suárez Moreno a1a. edición  a59 páginas bilustraciones c27 cm  aCiencia y tecnología aDatos tomados de la carátula aIncluye bibliografía y glosario142LEMBaConservación de alimentos 142LEMBadeshidratación de alimentos 142LEMBaProcesos agrícolas 142LEMBaProductos de especies promisorias142LEMBaProductos agrícolas xComercialización  2ddccBK aBogotá bConvenio Andrés Belloc2003 atextobtxt2rdacontent asin mediaciónbn2rdamedia avolumenbnc2rdacarrier aCO-BoRNBPbspaerdacCO-BoRNBP c4636d4636 00102ddc40708GENaMEPRICObMEPRICOcGENd2023-01-30l0o641.44B81gpPR00000445r2023-01-30 00:00:00tEj.1w2023-01-30yBK 00102ddc40708GENaMEMAPIRIbMEMAPIRIcGENd2024-01-04l0o641.44 s81GpMAP0000772r2024-01-04 20:08:02tEj.1w2024-01-04yBK 00102ddc40708GENaMECUMARAbMECUMARAcLITd2024-06-17l0o641.44S81gpCUM569r2024-06-17 10:56:56tEj.1w2024-06-17yBK 00102ddc40708GENaMECUMARAbMECUMARAcLITd2024-06-18l0o641.44S81gpCUM00595r2024-06-18 09:34:09tEj.1w2024-06-18yBK 00102ddc40708GENaMEURIBEbMEURIBEcGENd2024-08-09l0o641.44 S81gpURI00815r2024-08-09 11:03:06tEj.1w2024-08-09yBK 00102ddc40708GENaMEBAUPIAbMEBAUPIAcGENd2025-07-08l0o641.44 S81gpBUP1736r2025-07-08 11:11:02tEj.1w2025-07-08yBK 00102lcc40708GENaMEPCONCObMEPCONCOcGENd2026-02-18l0o641.44 S81gpPCON02128r2026-02-18 19:53:00tEj.1w2026-02-18yBK